| 000 | 00502nam a2200157Ia 4500 | ||
|---|---|---|---|
| 003 | Ost | ||
| 005 | 20260507075659.0 | ||
| 008 | 260507s9999||||xx |||||||||||||| ||und|| | ||
| 040 | _cfsecg | ||
| 041 | _aara | ||
| 100 |
_aماهر، احمد _eمؤلف |
||
| 245 | 0 |
_aالخطط و السياسات و الاستراتيجيات / _c احمد ماهر |
|
| 260 |
_aالاسكندرية: _bالدار الجامعية, _c2000 |
||
| 300 |
_a333 صفحة؛ _bإيضاحات ؛ _c25 سم |
||
| 942 | _cكتاب | ||
| 999 |
_c45779 _d45779 |
||